000 00692cam a2200217 a 4500
001 000018349
005 20200929165452.0
008 760528s1958 fr 000 d fre d
040 _aDO-SdBNP
_bfre
_cLC
_dBNPHU
082 _a843.912
_bA615v
100 1 _aAnouilh, Jean,
_d1910-1987.
_929734
245 1 3 _aLe voyageur sans bagages :
_bsuivi de le Bal des voleurs /
_cJean Anouilh.
260 _a[Paris] :
_bTable Ronde,
_c1958.
300 _a243 p. ;
_c18 cm.
490 1 _aLe Livre de Poche
_v678
650 4 _aTeatro francés
_95359
650 4 _aLiteratura francesa
_ySIGLO XX
_94232
830 0 _aLe Livre de Poche ;
_v678
_939384
910 _aCatalogación derivada / LC
049 _aBNGR
999 _c17870
_d17870